[Event "Campeonato Brasileiro Amador 2019 U1800"]
[Site "Sao Paulo"]
[Date "2019.06.21"]
[Round "4.32"]
[White "De Oliveira, Joao Eudes"]
[Black "De Souza Jr, Fernando Luiz"]
[Result "0-1"]
[WhiteElo "1717"]
[BlackElo "1563"]
[PlyCount "78"]
[EventDate "2019.06.20"]

1. d4 Nf6 2. Nf3 d5 3. c3 Bf5 4. Bg5 Nbd7 5. Nbd2 e6 6. e3 c5 7. Be2 Qc7 8. O-O
Bd6 9. Re1 O-O 10. g3 h6 11. Bf4 g5 12. Bxd6 Qxd6 13. dxc5 Nxc5 14. Nd4 Bg6 15.
N2b3 a6 16. Nxc5 Qxc5 17. Bf3 b5 18. Rc1 Rfc8 19. Nb3 Qb6 20. Qd4 Qd8 21. Bg2
Rc4 22. Qd2 Qb6 23. Bf1 Rc6 24. Nd4 Rc7 25. Nf3 Kg7 26. Qd4 Qb7 27. Ne5 Bf5 28.
g4 Be4 29. f3 Bh7 30. f4 Ne4 31. fxg5 hxg5 32. Nc4+ f6 33. Na5 Qc8 34. h3 Rb8
35. Qb4 Nd2 36. Be2 Be4 37. Kf2 Qh8 38. Kg3 Qh4+ 39. Kh2 Qf2# 0-1

[Event "Campeonato Brasileiro Amador 2019 U1800"]
[Site "Sao Paulo"]
[Date "2019.06.21"]
[Round "4.33"]
[White "Da Cunha, Gabriela Goes"]
[Black "Sampaio, Andre Luiz"]
[Result "1-0"]
[WhiteElo "1457"]
[BlackElo "1704"]
[PlyCount "73"]
[EventDate "2019.06.20"]

1. e4 e6 2. d4 d5 3. exd5 exd5 4. Bd3 Bd6 5. Qf3 c6 6. Ne2 Nf6 7. h3 Qc7 8. O-O
Be6 9. c3 Nbd7 10. Bf4 O-O-O 11. Bxd6 Qxd6 12. Qf4 Qe7 13. Nd2 h6 14. a4 g5 15.
Qe3 h5 16. b4 g4 17. h4 Ne4 18. g3 f5 19. Nf4 Rde8 20. Ng6 Qf7 21. Nxh8 Rxh8
22. Bxe4 dxe4 23. Rfc1 Nb6 24. a5 Nd5 25. Qe2 Bd7 26. Nc4 Qe6 27. Ne3 f4 28.
Nxd5 Qxd5 29. gxf4 g3 30. fxg3 Bg4 31. Qe3 Bf3 32. Rf1 Rg8 33. Kh2 Rxg3 34.
Kxg3 Qg8+ 35. Kf2 Qg2+ 36. Ke1 Qg3+ 37. Kd2 1-0

[Event "Campeonato Brasileiro Amador 2019 U1800"]
[Site "Sao Paulo"]
[Date "2019.06.21"]
[Round "4.34"]
[White "Bocca, Edson Ricardo"]
[Black "Deste, Jair Francisco"]
[Result "1-0"]
[WhiteElo "1645"]
[BlackElo "1394"]
[PlyCount "89"]
[EventDate "2019.06.20"]

1. e4 Nf6 2. Nc3 e6 3. Bc4 Bb4 4. Nge2 Bxc3 5. Nxc3 c6 6. d3 h6 7. Bd2 O-O 8.
Qe2 d5 9. Bb3 d4 10. Nd1 c5 11. c4 e5 12. h3 Nbd7 13. O-O Nh7 14. f4 exf4 15.
Bxf4 g5 16. Bd2 f6 17. Nf2 Ne5 18. Bc2 Qe7 19. a3 Bd7 20. b4 b6 21. Ng4 Nxg4
22. hxg4 f5 23. gxf5 Rxf5 24. Rxf5 Bxf5 25. Qh5 Be6 26. Qxh6 Rf8 27. Rf1 Rxf1+
28. Kxf1 Qf7+ 29. Kg1 g4 30. Bd1 g3 31. Qf4 Qxf4 32. Bxf4 Nf6 33. bxc5 bxc5 34.
Bxg3 Kf7 35. Bd6 Nd7 36. Ba4 Nb6 37. Bb5 Bg4 38. Kf2 Bd1 39. Bxc5 Bc2 40. Ke2
Ba4 41. Bxa4 Nxa4 42. Bxa7 Nc3+ 43. Kd2 Nb1+ 44. Kc2 Nxa3+ 45. Kb2 1-0

[Event "Campeonato Brasileiro Amador 2019 U1800"]
[Site "Sao Paulo"]
[Date "2019.06.21"]
[Round "4.36"]
[White "Kajiwara, Joao Kazuyuki"]
[Black "De Sousa E Silva, Luis Gonzaga"]
[Result "0-1"]
[WhiteElo "1316"]
[BlackElo "1298"]
[PlyCount "106"]
[EventDate "2019.06.20"]

1. Nf3 d5 2. g3 Nf6 3. Bg2 Bg4 4. O-O e6 5. d3 Be7 6. Nbd2 Nbd7 7. Re1 O-O 8.
e4 dxe4 9. Nxe4 Nxe4 10. Rxe4 f5 11. Rxe6 f4 12. Re4 Bxf3 13. Bxf3 fxg3 14.
fxg3 c6 15. Rf4 Ne5 16. Bg2 Ng6 17. Rxf8+ Qxf8 18. Be3 Bc5 19. d4 Rd8 20. c3
Qe7 21. Bf2 Bb6 22. Qe1 Re8 23. Qxe7 Rxe7 24. Re1 Rxe1+ 25. Bxe1 Ne7 26. Bh3 c5
27. dxc5 Bxc5+ 28. Bf2 b6 29. Bxc5 bxc5 30. c4 a5 31. b3 Nc6 32. Kg2 Nb4 33.
Bd7 Nxa2 34. Kf3 Nc1 35. Ba4 Kf7 36. Ke3 Ke6 37. Ke4 h6 38. g4 g5 39. h3 Ne2
40. Bc6 Nd4 41. Ba4 Kd6 42. Kd3 Ke5 43. Ke3 Ne6 44. Bc6 Kd6 45. Ba4 Nf4 46. Ke4
Ke6 47. Bc6 Nxh3 48. Bd5+ Kf6 49. Kf3 Ke5 50. Bf7 Kd4 51. Be8 Nf4 52. Ba4 Kd3
53. Bb5 Ne2 0-1

[Event "Campeonato Brasileiro Amador 2019 U1800"]
[Site "Sao Paulo"]
[Date "2019.06.22"]
[Round "5.1"]
[White "Da Justa, Saulo Freitas"]
[Black "Da Rosa, Henrique Jaze Simoes"]
[Result "1-0"]
[WhiteElo "1659"]
[BlackElo "1645"]
[PlyCount "107"]
[EventDate "2019.06.20"]

1. Nf3 d5 2. d4 Nf6 3. g3 Bf5 4. Bg2 e6 5. O-O Be7 6. c4 c6 7. Qb3 Qb6 8. c5
Qxb3 9. axb3 O-O 10. Nc3 Nbd7 11. b4 b6 12. h3 h6 13. g4 Bh7 14. Ra6 Nb8 15.
Ra2 Nbd7 16. Bf4 a5 17. Rfa1 Ra6 18. Bf1 bxc5 19. bxc5 Rfa8 20. b4 Bd8 21. e3
R6a7 22. b5 Ne4 23. Nxe4 Bxe4 24. Nd2 cxb5 25. Nxe4 dxe4 26. Bxb5 Nf6 27. Bd6
Nd5 28. Ra3 Nb4 29. Ra4 Nc2 30. Rc1 Nb4 31. c6 Nd5 32. Bf1 Rc8 33. Bg2 Ra6 34.
Rac4 Nf6 35. Be5 a4 36. Bxf6 Bxf6 37. Bxe4 Be7 38. Bb1 a3 39. Ba2 Rb6 40. R1c2
Bd6 41. Kg2 Kf8 42. f4 Ke7 43. Kf3 Bb8 44. R4c3 Ra6 45. f5 exf5 46. gxf5 Ra5
47. e4 Ba7 48. Rc4 g6 49. Rb4 Kf6 50. Kf4 gxf5 51. e5+ Kg7 52. Kxf5 Rc7 53. d5
Re7 54. c7 1-0

[Event "Campeonato Brasileiro Amador 2019 U1800"]
[Site "Sao Paulo"]
[Date "2019.06.22"]
[Round "5.3"]
[White "Soares, Gustavo Henrique"]
[Black "Lima, Vinicius Taishun"]
[Result "0-1"]
[WhiteElo "1799"]
[BlackElo "1703"]
[PlyCount "78"]
[EventDate "2019.06.20"]

1. d4 d5 2. c4 Bf5 3. Nc3 e6 4. Nf3 Nc6 5. a3 Nf6 6. Bg5 Be7 7. e3 O-O 8. Bd3
Bxd3 9. Qxd3 h6 10. Bxf6 Bxf6 11. cxd5 exd5 12. Qb5 Ne7 13. Qxb7 Qd7 14. Qb3
Rfb8 15. Qc2 a5 16. O-O Ra6 17. Na4 Qd8 18. Qe2 Rd6 19. Rac1 c6 20. Nc5 Ng6 21.
Nd3 Re6 22. Rc2 Qb6 23. Rfc1 Rc8 24. Rc5 Be7 25. R5c3 Bf6 26. Qc2 h5 27. Qa4
Be7 28. Rb3 Qa6 29. Nc5 Bxc5 30. Rxc5 Qe2 31. Rb6 Nh4 32. Qc2 Nxf3+ 33. gxf3
Rg6+ 34. Qxg6 fxg6 35. Kg2 Rf8 36. f4 g5 37. Rbxc6 gxf4 38. Rc2 Qg4+ 39. Kf1
fxe3 0-1

[Event "Campeonato Brasileiro Amador 2019 U1800"]
[Site "Sao Paulo"]
[Date "2019.06.22"]
[Round "5.5"]
[White "Silva, Rodrigo Souza"]
[Black "Parijos De Melo, Luiz Claudio"]
[Result "1-0"]
[WhiteElo "1769"]
[BlackElo "1706"]
[PlyCount "78"]
[EventDate "2019.06.20"]

1. e4 e6 2. d4 d5 3. Nd2 Nf6 4. e5 Nfd7 5. Bd3 c5 6. c3 Nc6 7. Ne2 Qb6 8. Nf3
f6 9. exf6 Nxf6 10. O-O cxd4 11. Nexd4 Bd7 12. Qe2 Nxd4 13. cxd4 Bd6 14. Be3
O-O 15. Ne5 Be8 16. Rac1 Bh5 17. g4 Bxe5 18. dxe5 Bxg4 19. f3 d4 20. exf6 Bh3
21. fxg7 Rf6 22. Bg5 Rg6 23. Bxg6 d3+ 24. Qf2 Bxf1 25. Bxh7+ Kxh7 26. Qxb6 axb6
27. Kxf1 Kxg7 28. a3 Kg6 29. h4 Ra5 30. Rc3 Rb5 31. b4 Rd5 32. Ke1 Kf5 33. Kd2
Rd7 34. Rxd3 Rc7 35. Rd6 Ke5 36. Rxb6 Kd5 37. h5 Rd7 38. Ke3 Rc7 39. Rb5+ Kc4
1-0

[Event "Campeonato Brasileiro Amador 2019 U1800"]
[Site "Sao Paulo"]
[Date "2019.06.22"]
[Round "5.6"]
[White "Rodio, Julia Brunetto"]
[Black "Nobre, Jailson Altair Barbo"]
[Result "1-0"]
[WhiteElo "1756"]
[BlackElo "1695"]
[PlyCount "73"]
[EventDate "2019.06.20"]

1. e4 c5 2. Nf3 e6 3. d4 cxd4 4. Nxd4 a6 5. Bd3 Nf6 6. Nc3 Qc7 7. O-O Bc5 8.
Nb3 Bb4 9. Bd2 Bd6 10. f4 Bc5+ 11. Nxc5 Qxc5+ 12. Kh1 d6 13. Qf3 O-O 14. Rae1
Nbd7 15. Qg3 Qh5 16. e5 Ne8 17. f5 f6 18. Be2 Qf7 19. fxe6 Qxe6 20. exd6 Qxd6
21. Bc4+ Kh8 22. Rxe8 Qxd2 23. Re7 Qh6 24. Qd6 Qh5 25. Bb3 Qg5 26. Rfe1 h5 27.
Bd5 Qd2 28. Re8 Qf2 29. Rxf8+ Nxf8 30. Qxf8+ Kh7 31. Rg1 f5 32. Ne4 Qd4 33.
Qg8+ Kh6 34. Qh8+ Kg6 35. Qe8+ Kh6 36. Ng3 Qxd5 37. Qxh5# 1-0

[Event "Campeonato Brasileiro Amador 2019 U1800"]
[Site "Sao Paulo"]
[Date "2019.06.22"]
[Round "5.7"]
[White "Davanso, Joao Pedro"]
[Black "Jenidarchiche, Douglas Rodrigo"]
[Result "0-1"]
[WhiteElo "1655"]
[BlackElo "1737"]
[PlyCount "76"]
[EventDate "2019.06.20"]

1. e4 c5 2. Nf3 g6 3. d4 cxd4 4. Nxd4 Bg7 5. c4 Nc6 6. Be3 Nf6 7. Nc3 d6 8. Be2
O-O 9. O-O Nxd4 10. Bxd4 Be6 11. Qc2 Nd7 12. Bxg7 Kxg7 13. Rad1 Rc8 14. b3 Qa5
15. Qb2 Kg8 16. Kh1 f5 17. exf5 Qxf5 18. Bf3 Ne5 19. Bxb7 Rb8 20. Be4 Qf4 21.
Bd5 Bf7 22. Ne2 Qh4 23. f3 e6 24. Rd4 Qh6 25. Be4 d5 26. cxd5 exd5 27. Bxd5
Bxd5 28. Rxd5 Ng4 29. h3 Rbe8 30. Rd2 Ne3 31. Rc1 Rxf3 32. Ng1 Rf1 33. Rc7 Nxg2
34. Kxg2 Rxg1+ 35. Kxg1 Re1+ 36. Kg2 Qg5+ 37. Kf3 Re3+ 38. Kf2 Qg3+ 0-1

[Event "Campeonato Brasileiro Amador 2019 U1800"]
[Site "Sao Paulo"]
[Date "2019.06.22"]
[Round "5.8"]
[White "De Moura, Valderi Nascimento"]
[Black "Sousa, Fabio De Fatima"]
[Result "0-1"]
[WhiteElo "1735"]
[BlackElo "1695"]
[PlyCount "94"]
[EventDate "2019.06.20"]

1. e4 c5 2. b3 g6 3. Bb2 Nf6 4. e5 Nd5 5. e6 f6 6. Bb5 a6 7. Bc4 dxe6 8. Nf3 b5
9. Bd3 Bg7 10. Be4 Ra7 11. a4 Nc6 12. axb5 axb5 13. Na3 b4 14. Nb5 Rxa1 15.
Qxa1 Qb6 16. Bd3 Nf4 17. Bf1 Nxg2+ 18. Bxg2 Qxb5 19. Qa8 O-O 20. d3 Ba6 21.
Qxf8+ Kxf8 22. O-O Bb7 23. Nd2 Nd4 24. Bxd4 Bxg2 25. Kxg2 cxd4 26. Nc4 Qg5+ 27.
Kh1 Qf4 28. Kg2 f5 29. h3 Be5 30. Nxe5 Qxe5 31. f4 Qe2+ 32. Rf2 Qd1 33. Kh2 Kg7
34. Kg2 Kf6 35. Kh2 e5 36. fxe5+ Kxe5 37. Kg2 g5 38. Kh2 h5 39. Kg2 f4 40. h4
g4 41. Rf1 Qxc2+ 42. Kg1 g3 43. Rf3 Qd1+ 44. Kg2 Qe2+ 45. Kg1 Qh2+ 46. Kf1 Qh1+
47. Ke2 Qg2+ 0-1

[Event "Campeonato Brasileiro Amador 2019 U1800"]
[Site "Sao Paulo"]
[Date "2019.06.22"]
[Round "5.10"]
[White "Lara, Diego Costa"]
[Black "Nunes, Gustavo Morais"]
[Result "0-1"]
[WhiteElo "1729"]
[BlackElo "1798"]
[PlyCount "102"]
[EventDate "2019.06.20"]

1. d4 d5 2. c4 e6 3. cxd5 exd5 4. a3 Bd6 5. Nc3 c6 6. Nf3 h6 7. e3 Bf5 8. Bd3
Bxd3 9. Qxd3 Nf6 10. O-O O-O 11. Bd2 Re8 12. Rfc1 a5 13. Rab1 Qe7 14. Nh4 g6
15. g3 Ne4 16. Nxe4 dxe4 17. Qc4 Qe6 18. Qxe6 Rxe6 19. b4 a4 20. Rc3 b5 21.
Rbc1 Kf8 22. Be1 Ke7 23. Rd1 Ra6 24. d5 Re5 25. dxc6 Rxc6 26. Ng2 g5 27. Rxc6
Nxc6 28. Rc1 Kd7 29. Bc3 Re6 30. Rd1 Kc7 31. Rd5 Be5 32. Rc5 Bxc3 33. Rxc3 Rd6
34. h4 Rd1+ 35. Kh2 Rd2 36. hxg5 hxg5 37. Rc5 Ra2 38. Rxb5 Rxa3 39. Rxg5 Rb3
40. Rc5 Rxb4 41. Rc2 a3 42. Nf4 Rb2 43. Rxb2 axb2 44. Nd5+ Kd6 45. Nc3 Ke5 46.
Kg2 Nb4 47. Kf1 Na2 48. Nb1 Kd5 49. Ke1 Kc4 50. Kd2 Kb3 51. Kd1 Nc3+ 0-1

[Event "Campeonato Brasileiro Amador 2019 U1800"]
[Site "Sao Paulo"]
[Date "2019.06.22"]
[Round "5.11"]
[White "Rezende, Uelton Fabricius Alv"]
[Black "Santos, Jose Antonio Dos"]
[Result "1/2-1/2"]
[WhiteElo "1778"]
[BlackElo "1720"]
[PlyCount "119"]
[EventDate "2019.06.20"]

1. Nf3 d5 2. c4 c6 3. cxd5 cxd5 4. d4 e6 5. g3 f5 6. Bg2 Nf6 7. O-O Bd6 8. Bg5
O-O 9. Qc1 Bd7 10. Nc3 Qb6 11. Rd1 Nc6 12. Bxf6 Rxf6 13. Rb1 Be8 14. Qe3 Ne7
15. Qd2 Kh8 16. a3 Ng8 17. e3 Bh5 18. Rdc1 Bxf3 19. Bxf3 g5 20. h3 Raf8 21. Rf1
h6 22. b4 Qc6 23. Rbc1 Qd7 24. Be2 f4 25. Kh2 fxg3+ 26. fxg3 Rf2+ 27. Rxf2
Rxf2+ 28. Kg1 Bxg3 29. e4 Bf4 30. Qd3 Bxc1 31. Kxf2 Qf7+ 32. Kg2 Bxa3 33. exd5
Bxb4 34. dxe6 Qxe6 35. d5 Qe5 36. Ne4 Nf6 37. Nxf6 Qxf6 38. Qb5 Qe7 39. Bf3 Bd6
40. Qc4 Kg7 41. Qd4+ Qe5 42. Qg4 Kf6 43. Be4 Qh2+ 44. Kf3 Qf4+ 45. Ke2 Qxg4+
46. hxg4 Ke5 47. Kd3 b5 48. Bf3 a5 49. Kc3 a4 50. Kb2 b4 51. Kc2 Kf4 52. Be2
Ke4 53. Bb5 Kf4 54. Bd7 Ke5 55. Bxa4 Kxd5 56. Be8 Be5 57. Bg6 Bc3 58. Bf7+ Ke5
59. Kb3 Kf4 60. Bh5 1/2-1/2

[Event "Campeonato Brasileiro Amador 2019 U1800"]
[Site "Sao Paulo"]
[Date "2019.06.22"]
[Round "5.12"]
[White "Canonico, Rodrigo"]
[Black "Ribeiro, Daniel Malta"]
[Result "1-0"]
[WhiteElo "1714"]
[BlackElo "1775"]
[PlyCount "45"]
[EventDate "2019.06.20"]

1. e4 e5 2. Nc3 Nf6 3. f4 d5 4. fxe5 Nxe4 5. Nf3 c5 6. d3 Nxc3 7. bxc3 d4 8.
Bb2 Nc6 9. g3 Bg4 10. Be2 Bxf3 11. Bxf3 Nxe5 12. Qe2 Qe7 13. O-O Qd6 14. cxd4
cxd4 15. Ba3 Qc7 16. Bxb7 Rd8 17. Bc6+ Rd7 18. Bxd7+ Kxd7 19. Bxf8 Rxf8 20.
Rab1 Qd6 21. Qe4 Rc8 22. Rb5 Ke6 23. Qf5+ 1-0

[Event "Campeonato Brasileiro Amador 2019 U1800"]
[Site "Sao Paulo"]
[Date "2019.06.22"]
[Round "5.13"]
[White "Fischer Schilling, Ian"]
[Black "Andreata, Mauro Antonio"]
[Result "1-0"]
[WhiteElo "1763"]
[BlackElo "1624"]
[PlyCount "131"]
[EventDate "2019.06.20"]

1. e4 c5 2. Nf3 d6 3. d4 cxd4 4. Nxd4 Nf6 5. Nc3 a6 6. Bg5 e6 7. f4 Be7 8. Qf3
h6 9. Bh4 Qc7 10. O-O-O Nc6 11. Nxc6 bxc6 12. g4 Bb7 13. Bg2 Rb8 14. Rhe1 Qb6
15. Na4 Qa5 16. b3 c5 17. Qe2 Bc6 18. e5 Bb5 19. c4 Bxa4 20. exf6 gxf6 21. bxa4
Qxa4 22. Rd2 Rb4 23. Rc2 O-O 24. Kd2 Rfb8 25. Rec1 d5 26. Ke1 d4 27. g5 fxg5
28. fxg5 hxg5 29. Bxg5 Kf8 30. Bxe7+ Kxe7 31. Qe5 Qa5 32. Kf1 d3 33. Rf2 Rf8
34. Qf6+ Kd7 35. Qc3 d2 36. Rxd2+ Kc8 37. a3 Ra4 38. Qxa5 Rxa5 39. Rc3 Kc7 40.
Rf2 Kd6 41. h4 f5 42. h5 Rh8 43. Bf3 e5 44. Rh2 e4 45. Bd1 Ke5 46. Rd2 Kf4 47.
a4 Rh6 48. Rh3 Kg5 49. Rg2+ Kf4 50. Rg6 Rh8 51. h6 e3 52. h7 Rd8 53. Rh4+ Ke5
54. h8=Q+ Rxh8 55. Rxh8 f4 56. Ke2 Kd4 57. Bb3 Kc3 58. Rb6 Rxa4 59. Bxa4 Kxc4
60. Rxa6 Kd4 61. Rd8+ Kc3 62. Rc6 c4 63. Bb5 f3+ 64. Kxf3 Kb4 65. Rxc4+ Kxb5
66. Rc1 1-0

[Event "Campeonato Brasileiro Amador 2019 U1800"]
[Site "Sao Paulo"]
[Date "2019.06.22"]
[Round "5.14"]
[White "Olivo, Anibal Ribeiro"]
[Black "Barbosa, Luiz Francisco Da Si"]
[Result "0-1"]
[WhiteElo "1616"]
[BlackElo "1762"]
[PlyCount "83"]
[EventDate "2019.06.20"]

1. e4 c5 2. Nf3 e6 3. d4 cxd4 4. Nxd4 Nc6 5. Nc3 a6 6. Be3 Nf6 7. Nxc6 bxc6 8.
Bd3 d5 9. exd5 cxd5 10. Bg5 Be7 11. O-O O-O 12. Qd2 Rb8 13. b3 Bb4 14. a3 Bxc3
15. Qxc3 Ne4 16. Bxd8 Nxc3 17. Bc7 Ra8 18. a4 Bb7 19. f3 Rfc8 20. Be5 f6 21.
Bg3 a5 22. Rfe1 Kf7 23. h4 h5 24. Bf2 Ba6 25. Bxa6 Rxa6 26. Kf1 Rac6 27. Re3 d4
28. Rd3 Nd5 29. Rxd4 Rxc2 30. Rd3 Rc1+ 31. Rxc1 Rxc1+ 32. Be1 Nb4 33. Rc3 Nc2
34. Ke2 Rxe1+ 35. Kd2 Rg1 36. Rxc2 Rxg2+ 37. Kd3 Rxc2 38. Kxc2 g5 39. hxg5 h4
40. b4 h3 41. bxa5 h2 42. a6 0-1

[Event "Campeonato Brasileiro Amador 2019 U1800"]
[Site "Sao Paulo"]
[Date "2019.06.22"]
[Round "5.16"]
[White "Ramos, Beny Irwing Pankiewi"]
[Black "Abilhoa, Gustavo Auer"]
[Result "0-1"]
[WhiteElo "1654"]
[BlackElo "1767"]
[PlyCount "76"]
[EventDate "2019.06.20"]

1. Nf3 Nf6 2. c4 g6 3. d4 c5 4. Nc3 Bg7 5. e4 cxd4 6. Nxd4 d6 7. Be3 Ng4 8. Qd2
Nxe3 9. fxe3 Nc6 10. Be2 Qb6 11. O-O-O O-O 12. Kb1 a6 13. Nd5 Qd8 14. h4 e6 15.
Nc3 Be5 16. g4 Qe7 17. Rdg1 Bd7 18. g5 Kg7 19. h5 Rad8 20. Qd1 Nxd4 21. exd4
Bf4 22. Rg4 Bxg5 23. Qg1 Bf6 24. hxg6 hxg6 25. e5 dxe5 26. Bd3 Rh8 27. Bxg6
fxg6 28. Rxg6+ Kf7 29. Rhh6 Rxh6 30. Rxh6 Rg8 31. Rh7+ Rg7 32. Rxg7+ Bxg7 33.
dxe5 Bc6 34. Qf2+ Kg8 35. Qf4 Qf7 36. Qh4 Qg6+ 37. Kc1 Bh6+ 38. Kd1 Bf3+ 0-1

[Event "Campeonato Brasileiro Amador 2019 U1800"]
[Site "Sao Paulo"]
[Date "2019.06.22"]
[Round "5.17"]
[White "Jafet Junior, Carlos"]
[Black "Borges, Leonardo Hisao Herai"]
[Result "0-1"]
[WhiteElo "1628"]
[BlackElo "1748"]
[PlyCount "86"]
[EventDate "2019.06.20"]

1. e4 c5 2. d3 e6 3. g3 Nc6 4. Bg2 g6 5. Nc3 Bg7 6. Nge2 Nge7 7. Be3 d6 8. O-O
Nd4 9. f4 O-O 10. a4 Rb8 11. Kh1 a6 12. g4 f5 13. g5 b5 14. axb5 axb5 15. Ra7
Ndc6 16. Ra1 Qc7 17. d4 b4 18. Na4 cxd4 19. Nxd4 Nxd4 20. Bxd4 e5 21. Be3 fxe4
22. Bxe4 Bb7 23. Bxb7 Qxb7+ 24. Kg1 Nf5 25. Qe2 e4 26. Rad1 d5 27. Nc5 Qa7 28.
Ra1 Qe7 29. Ra6 Nxe3 30. Qxe3 Bxb2 31. Ne6 Ra8 32. Qb6 Rxa6 33. Qxa6 Re8 34. f5
gxf5 35. Nf4 Bd4+ 36. Kh1 e3 37. Qd3 Qe4+ 38. Qxe4 Rxe4 39. Nxd5 e2 40. Re1 Bf2
41. Nf6+ Kg7 42. Nxe4 Bxe1 43. Nc5 Bc3 0-1

[Event "Campeonato Brasileiro Amador 2019 U1800"]
[Site "Sao Paulo"]
[Date "2019.06.22"]
[Round "5.18"]
[White "Arruda Filho, Ivo Pereira De"]
[Black "Haraguchi, Matheus Sashaki"]
[Result "1-0"]
[WhiteElo "1742"]
[BlackElo "1524"]
[PlyCount "75"]
[EventDate "2019.06.20"]

1. d4 d5 2. Nf3 Nf6 3. Bf4 e6 4. e3 c5 5. c3 Nc6 6. Bd3 b6 7. O-O Be7 8. Qa4
Bd7 9. Bb5 Qc8 10. Ne5 Nxe5 11. Bxe5 Bxb5 12. Qxb5+ Qd7 13. Qxd7+ Kxd7 14. Nd2
Rhg8 15. h3 h6 16. Rfd1 Rac8 17. dxc5 bxc5 18. e4 Kc6 19. exd5+ exd5 20. a3 Nd7
21. Bg3 Bf6 22. Rac1 Rge8 23. Nb3 Nb6 24. Na5+ Kd7 25. Nb7 Re6 26. b4 cxb4 27.
axb4 Kc6 28. Nc5 Re2 29. Nd3 Ra2 30. Be5 Bxe5 31. Nxe5+ Kd6 32. Ng4 Ra3 33. Rd3
Na4 34. Ne3 Nxc3 35. Kf1 Ke5 36. Nxd5 Na2 37. Re1+ Kf5 38. Ne7+ 1-0

[Event "Campeonato Brasileiro Amador 2019 U1800"]
[Site "Sao Paulo"]
[Date "2019.06.22"]
[Round "5.19"]
[White "Potasso Junior, Alvaro"]
[Black "Mesquita, Arnaldo Leite"]
[Result "1-0"]
[WhiteElo "1606"]
[BlackElo "1741"]
[PlyCount "73"]
[EventDate "2019.06.20"]

1. e4 d5 2. exd5 Nf6 3. Nf3 Nxd5 4. Bc4 Bf5 5. O-O h6 6. a3 e6 7. d3 Be7 8. Bb3
O-O 9. Qe1 Bf6 10. Nbd2 Nc6 11. Ne4 Be7 12. Bd2 Bg4 13. Kh1 Bxf3 14. gxf3 Nd4
15. Bxd5 Qxd5 16. Qd1 Qh5 17. Rg1 Nxf3 18. Rg2 Kh7 19. Ng3 Qd5 20. c4 Qxd3 21.
Bc3 Qxd1+ 22. Rxd1 Rad8 23. Ra1 Rd7 24. Ne4 Rfd8 25. Rxg7+ Kh8 26. Rxf7+ Kg8
27. Rxf3 Rd1+ 28. Rxd1 Rxd1+ 29. Kg2 Bd6 30. Nxd6 Rxd6 31. Rf6 Rc6 32. Rxh6
Rxc4 33. Rxe6 Kf7 34. Re3 a6 35. Kg3 b5 36. f3 c5 37. Re4 1-0

[Event "Campeonato Brasileiro Amador 2019 U1800"]
[Site "Sao Paulo"]
[Date "2019.06.22"]
[Round "5.21"]
[White "Neto, Valdeno Brito"]
[Black "De Sousa, Alex Aecio"]
[Result "0-1"]
[WhiteElo "1534"]
[BlackElo "1692"]
[PlyCount "39"]
[EventDate "2019.06.20"]

1. e4 c5 2. Nf3 g6 3. d4 cxd4 4. Nxd4 Bg7 5. c4 Nc6 6. Be3 Nf6 7. f3 Qb6 8. Qd2
Nxe4 9. fxe4 Nxd4 10. Nc3 Nc2+ 11. Qxc2 Qxe3+ 12. Be2 Bxc3+ 13. bxc3 O-O 14.
Rd1 d6 15. Rf1 Be6 16. Rd4 Rac8 17. Rf3 Qg1+ 18. Bf1 Bxc4 19. e5 Bxf1 20. Rxf1
0-1

[Event "Campeonato Brasileiro Amador 2019 U1800"]
[Site "Sao Paulo"]
[Date "2019.06.22"]
[Round "5.22"]
[White "Lima, Aine Carolina"]
[Black "Hayashi, Kaito"]
[Result "1/2-1/2"]
[WhiteElo "1665"]
[BlackElo "1561"]
[PlyCount "75"]
[EventDate "2019.06.20"]

1. e4 c5 2. Nc3 e6 3. g3 a6 4. Bg2 d6 5. d3 Nf6 6. Be3 Qc7 7. h3 Nc6 8. Nge2 b5
9. Qd2 Bb7 10. O-O Rd8 11. f4 d5 12. exd5 exd5 13. d4 c4 14. g4 Bb4 15. Ng3 Ne7
16. Nxb5 axb5 17. Qxb4 Bc6 18. Qd2 O-O 19. c3 Rfe8 20. Rae1 Nc8 21. Qc2 Re7 22.
Qf2 Nd6 23. f5 Qa7 24. a3 Rde8 25. g5 Nfe4 26. Nxe4 Nxe4 27. Bxe4 Rxe4 28. f6
g6 29. Bf4 Rxe1 30. Rxe1 Rxe1+ 31. Qxe1 Qa8 32. Bd6 Qa4 33. Qe2 Bd7 34. h4 Be6
35. Kg2 Qb3 36. Kg3 Qa2 37. Qc2 Qa1 38. Qf2 1/2-1/2

[Event "Campeonato Brasileiro Amador 2019 U1800"]
[Site "Sao Paulo"]
[Date "2019.06.22"]
[Round "5.23"]
[White "Jardim, Tamiris Salvador"]
[Black "Ferreira, Raphael Suzuki"]
[Result "0-1"]
[WhiteElo "1339"]
[BlackElo "1663"]
[PlyCount "102"]
[EventDate "2019.06.20"]

1. e4 c5 2. Nf3 g6 3. d4 cxd4 4. Nxd4 Bg7 5. Nc3 Nc6 6. Be3 d6 7. Qd2 Nxd4 8.
Bxd4 e5 9. Be3 Nf6 10. Bb5+ Bd7 11. Qxd6 Ng4 12. Nd5 Rc8 13. Bxd7+ Qxd7 14.
Qxd7+ Kxd7 15. Bxa7 Rxc2 16. Rb1 Nf6 17. Nxf6+ Bxf6 18. O-O Ra8 19. Rfd1+ Ke6
20. Be3 Rxa2 21. b4 Be7 22. b5 f5 23. exf5+ gxf5 24. Rdc1 Rab2 25. Rxb2 Rxb2
26. Re1 Rxb5 27. g3 Bc5 28. Bxc5 Rxc5 29. Rb1 b5 30. Kg2 e4 31. Kh3 Kd5 32. Kg2
Kc6 33. Kf1 Rc2 34. Ke1 Kc5 35. h3 Kc4 36. Rd1 b4 37. Rd7 b3 38. Rc7+ Kd3 39.
Rd7+ Kc3 40. Rc7+ Kb2 41. Ra7 Kb1 42. Rxh7 b2 43. Rd7 Ka2 44. Ra7+ Kb3 45. Rb7+
Ka4 46. h4 Rc1+ 47. Kd2 b1=Q 48. Rxb1 Rxb1 49. Ke3 Kb5 50. Kf4 Rf1 51. Kxf5 e3
0-1

[Event "Campeonato Brasileiro Amador 2019 U1800"]
[Site "Sao Paulo"]
[Date "2019.06.22"]
[Round "5.24"]
[White "Teramoto, Anderson"]
[Black "Sato, Claudio Takeshi"]
[Result "0-1"]
[WhiteElo "1674"]
[BlackElo "1609"]
[PlyCount "168"]
[EventDate "2019.06.20"]

1. d4 Nf6 2. c4 e6 3. Nc3 Bb4 4. a3 Bxc3+ 5. bxc3 b6 6. Nf3 Bb7 7. Bg5 h6 8.
Bh4 g5 9. Bg3 Ne4 10. Qc2 d6 11. Nd2 Nxd2 12. Qxd2 Nd7 13. f3 Qe7 14. e3 h5 15.
h4 g4 16. Be2 f5 17. Bf4 Nf8 18. d5 Nh7 19. O-O-O O-O-O 20. fxg4 hxg4 21. Bd3
Kb8 22. dxe6 Qxe6 23. Qc2 Rhf8 24. h5 d5 25. Qa2 Nf6 26. h6 Ne4 27. Bxe4 Qxe4
28. Rd4 Qe6 29. Rhd1 Qc6 30. Qb3 Qf6 31. cxd5 Rd7 32. g3 Ka8 33. c4 c6 34. d6
c5 35. R4d2 Qa1+ 36. Qb1 Qxa3+ 37. Qb2 Qa4 38. Rc2 Ba6 39. Qc3 Bb7 40. Rdd2 Qc6
41. Ra2 Kb8 42. Qa3 Ba8 43. Rh2 Rff7 44. Qc3 Rh7 45. Rh5 Qe4 46. Qe5 Qxc4+ 47.
Rc2 Qf1+ 48. Kd2 Be4 49. Qc3 Bf3 50. Qd3 Qd1+ 51. Kc3 Qxd3+ 52. Kxd3 Be4+ 53.
Kc3 Bxc2 54. Kxc2 Rhf7 55. Kd3 Kb7 56. Kc4 Kc6 57. Rh1 b5+ 58. Kb3 a5 59. Rc1
c4+ 60. Kc3 Kc5 61. Be5 b4+ 62. Kb2 a4 63. Bd4+ Kb5 64. Bg7 Rxd6 65. h7 Rd8 66.
h8=Q Rxh8 67. Bxh8 c3+ 68. Bxc3 bxc3+ 69. Rxc3 Kb4 70. Rd3 Rc7 71. Rd4+ Rc4 72.
Rd3 Rc6 73. Rd4+ Kb5 74. Rf4 Rc5 75. Rd4 Re5 76. Rd3 Re4 77. Ka3 Kc4 78. Rd8
Rxe3+ 79. Kxa4 Rxg3 80. Rc8+ Kd4 81. Kb5 f4 82. Rc4+ Ke3 83. Rc3+ Kf2 84. Rc2+
Ke1 0-1

[Event "Campeonato Brasileiro Amador 2019 U1800"]
[Site "Sao Paulo"]
[Date "2019.06.22"]
[Round "5.26"]
[White "Teles, Lucas Marquetotti"]
[Black "Pereira Fo, Hildebrando Apolonio"]
[Result "1/2-1/2"]
[WhiteElo "1790"]
[BlackElo "1550"]
[PlyCount "78"]
[EventDate "2019.06.20"]

1. e3 d5 2. b4 e6 3. Bb2 Nf6 4. a3 c5 5. bxc5 Bxc5 6. Nf3 Nc6 7. Nc3 O-O 8. Bb5
a6 9. Bxc6 bxc6 10. O-O Be7 11. Ne5 c5 12. a4 Qc7 13. f4 d4 14. exd4 cxd4 15.
Ne2 Rd8 16. Bxd4 Bc5 17. c3 a5 18. Kh1 Ba6 19. d3 Nd5 20. Bxc5 Qxc5 21. Qd2 f6
22. d4 Qc7 23. Nd3 Qc4 24. Ndc1 Nxc3 25. Re1 Rac8 26. Qe3 Qc6 27. Nxc3 Qxc3 28.
Qxe6+ Kf8 29. Qe7+ Kg8 30. Qe6+ Kf8 31. Na2 Qc6 32. Qe7+ Kg8 33. Rac1 Qxa4 34.
Nc3 Qxd4 35. Qe6+ Kf8 36. Rcd1 Bd3 37. Qe7+ Kg8 38. Qe6+ Kf8 39. Qe7+ Kg8
1/2-1/2